The Indian administrative law

Na minha lista:
Detalhes bibliográficos
Autor principal: Kagzi, Mangal Chandra Jain
Outros Autores: Kagzi,Mangal Chandra Jain
Formato: Livro
Publicado em: New Delhi : Universal Law Publishing.; c 2002.
Edição:6th ed.
Assuntos:
Tags: Adicionar Tag
Sem tags, seja o primeiro a adicionar uma tag!

MARC

LEADER 00000nam a2200000 4500
005 20250930132958.0
020 |a 817534277X  |c TZS 14,019/= 
040 |a MCCL  |b eng.  |e AACR 2nd rev.ed. 
082 |a 342.06 KAG 
100 |a Kagzi, Mangal Chandra Jain 
245 |a The Indian administrative law   |c / Mangal Chandra Jain Kagzi 
250 |a 6th ed. 
260 |a New Delhi :   |b Universal Law Publishing.;  |c c 2002. 
300 |a lviii,542 p. :  |c 24 cm. 
504 |b Includes index  
650 |a Administrative law 
650 |a Administrative remedies 
650 |a Administrative tribunals 
700 |a Kagzi,Mangal Chandra Jain 
942 |c BK 
999 |c 11419  |d 11419